[Event "Camp. Arg. 83 - Semifinal (La Plata)"]
[Site "Calle 46 - No. 581 (La Plata)"]
[Date "2008.07.23"]
[Round "3.18"]
[White "Lanza, Luciano"]
[Black "Palmiotto, Marcos Ivan"]
[Result "0-1"]
[WhiteElo "2188"]
[BlackElo "1925"]
[PlyCount "78"]
[EventDate "2008.07.21"]

1. e4 e5 2. Nf3 Nc6 3. Bb5 a6 4. Ba4 d6 5. Bxc6+ bxc6 6. d4 exd4 7. Nxd4 c5 8.
Nf3 g6 9. O-O Bg7 10. Nc3 Rb8 11. Qe2 Ne7 12. Rd1 Nc6 13. e5 O-O 14. exd6 cxd6
15. Bf4 Nd4 16. Nxd4 cxd4 17. Nd5 Rxb2 18. Rab1 Rxb1 19. Rxb1 Re8 20. Qd2 Be6
21. Nb4 Qb6 22. Re1 Rc8 23. a3 Rc3 24. h3 h5 25. Bh6 Rxa3 26. Bxg7 Kxg7 27. Nd3
Qa5 28. Qc1 Qc3 29. Nf4 Bf5 30. Nd5 Qc5 31. Re8 Qa5 32. Qb2 Ra4 33. c4 Rxc4 34.
Ne7 Qe1+ 35. Kh2 Qe5+ 36. Kg1 Qb5 37. Rg8+ Kf6 38. Qd2 Kxe7 39. Qg5+ Ke6 0-1

[Event "Camp. Arg. 83 - Semifinal (La Plata)"]
[Site "Calle 46 - No. 581 (La Plata)"]
[Date "2008.??.??"]
[Round "3.20"]
[White "Ruiz, Francisco"]
[Black "Palmero, Pablo"]
[Result "0-1"]
[WhiteElo "1921"]
[BlackElo "2144"]
[PlyCount "66"]
[EventDate "2008.07.21"]

1. e4 c5 2. Nf3 d6 3. d4 cxd4 4. Nxd4 Nf6 5. Nc3 a6 6. Be2 e5 7. Nb3 Be7 8. Bg5
Nbd7 9. a4 h6 10. Be3 b6 11. f3 Bb7 12. Bc4 O-O 13. Nd5 Nxd5 14. Bxd5 Bxd5 15.
Qxd5 Nf6 16. Qb7 Qb8 17. Qxb6 Qc8 18. Rc1 d5 19. O-O Rb8 20. Qa7 Nd7 21. Bd2 d4
22. Ba5 Bd6 23. c3 Ra8 24. Qxa8 Qxa8 25. cxd4 exd4 26. Kh1 Bf4 27. Rcd1 Qb7 28.
Nxd4 Qxb2 29. Nc6 Qf6 30. Rxd7 Qxc6 31. Rfd1 Qxa4 32. Be1 Rc8 33. g3 Rc1 0-1

[Event "Camp. Arg. 83 - Semifinal (La Plata)"]
[Site "Calle 46 - No. 581 (La Plata)"]
[Date "2008.07.23"]
[Round "3.24"]
[White "Amed, Stephanie"]
[Black "Barbarito, Damian"]
[Result "1-0"]
[WhiteElo "2099"]
[BlackElo "1751"]
[PlyCount "69"]
[EventDate "2008.07.21"]

1. e4 e6 2. d4 d5 3. Nc3 Bb4 4. e5 c5 5. a3 Bxc3+ 6. bxc3 Ne7 7. h4 Qa5 8. Bd2
Nbc6 9. Nf3 Bd7 10. h5 h6 11. a4 O-O-O 12. Rb1 c4 13. g3 f6 14. Bh3 fxe5 15.
Nxe5 Nxe5 16. dxe5 Qc7 17. f4 d4 18. cxd4 c3 19. Be3 Nd5 20. Bf2 Qc4 21. a5 a6
22. Qe2 Qxe2+ 23. Kxe2 Bb5+ 24. Ke1 Kd7 25. f5 exf5 26. Bxf5+ Kc7 27. g4 Bd7
28. Bh4 Rb8 29. e6 Rbe8 30. Bg3+ Kc8 31. Be5 Bc6 32. Be4 Re7 33. Rf1 Ne3 34.
Rf3 Nd5 35. Kf2 1-0

[Event "Camp. Arg. 83 - Semifinal (La Plata)"]
[Site "Calle 46 - No. 581 (La Plata)"]
[Date "2008.07.23"]
[Round "3.26"]
[White "Lottgering, Enrique"]
[Black "Latrecchiana, Cristian"]
[Result "1-0"]
[WhiteElo "1760"]
[BlackElo "1773"]
[PlyCount "65"]
[EventDate "2008.07.21"]

1. e4 e5 2. Bc4 d6 3. Nc3 Nf6 4. d3 Be7 5. Nge2 Nc6 6. a3 a6 7. h3 O-O 8. O-O
Be6 9. Nd5 Na5 10. Nxe7+ Qxe7 11. Ba2 Bxa2 12. Rxa2 Nc6 13. Ng3 h6 14. f4 Qe6
15. b3 exf4 16. Bxf4 Ne7 17. c4 Ng6 18. Be3 d5 19. Bc5 dxc4 20. Bxf8 cxb3 21.
Rb2 Rxf8 22. Qxb3 Qe5 23. d4 Qxd4+ 24. Kh1 b5 25. Qc2 c5 26. Qe2 c4 27. Rd2 Qe5
28. Qe3 a5 29. Rf5 Qa1+ 30. Kh2 Qb1 31. Rxf6 gxf6 32. Qxh6 Qa1 33. Nf5 1-0

[Event "Camp. Arg. 83 - Semifinal (La Plata)"]
[Site "Calle 46 - No. 581 (La Plata)"]
[Date "2008.??.??"]
[Round "3.27"]
[White "Cirulli, Diego"]
[Black "Lo Presti, Roberto Oscar"]
[Result "1-0"]
[WhiteElo "1984"]
[BlackElo "2122"]
[PlyCount "61"]
[EventDate "2008.07.21"]

1. d4 e6 2. Nf3 d5 3. e3 Nf6 4. Bd3 Bd6 5. b3 b6 6. Bb2 Bb7 7. O-O Ne4 8. Ne5
Qg5 9. f4 Qe7 10. Qh5 g6 11. Qh6 Qf8 12. Qh3 Qe7 13. Nc3 a6 14. a4 Nd7 15. Nxe4
dxe4 16. Bc4 Bxe5 17. fxe5 Bd5 18. Ba3 c5 19. Be2 O-O 20. Rf4 f5 21. exf6 Rxf6
22. Rxf6 Qxf6 23. Rf1 Qe7 24. c4 Bb7 25. Bg4 Nf8 26. a5 e5 27. axb6 exd4 28.
exd4 e3 29. Bxc5 Qg5 30. d5 Re8 31. Qf3 1-0

[Event "Camp. Arg. 83 - Semifinal (La Plata)"]
[Site "Calle 46 - No. 581 (La Plata)"]
[Date "2008.??.??"]
[Round "3.28"]
[White "Pastor, Juan Martin"]
[Black "Coronel, Nestor"]
[Result "1/2-1/2"]
[WhiteElo "1964"]
[BlackElo "1839"]
[PlyCount "60"]
[EventDate "2008.07.21"]

1. e4 c5 2. Nf3 d6 3. d4 cxd4 4. Nxd4 Nf6 5. Nc3 a6 6. Bg5 e6 7. f4 Be7 8. Qf3
Qc7 9. O-O-O Nbd7 10. g4 b5 11. Bxf6 Nxf6 12. g5 Nd7 13. f5 Ne5 14. Qh5 O-O 15.
Bh3 b4 16. Nce2 Bb7 17. g6 fxg6 18. fxg6 Nxg6 19. Nxe6 Qc4 20. Nxf8 Kxf8 21.
Rhf1+ Bf6 22. Nd4 Qxa2 23. Rxf6+ gxf6 24. Qh6+ Ke8 25. Ne6 Qa1+ 26. Kd2 Qxb2
27. Qg7 Qc3+ 28. Ke2 Qxc2+ 29. Ke3 Qxe4+ 30. Kd2 Qd5+ 1/2-1/2

[Event "Camp. Arg. 83 - Semifinal (La Plata)"]
[Site "Calle 46 - No. 581 (La Plata)"]
[Date "2008.07.23"]
[Round "3.29"]
[White "Muñiz, Roberto Anibal"]
[Black "Roque, Fernando"]
[Result "0-1"]
[WhiteElo "1867"]
[BlackElo "1964"]
[PlyCount "100"]
[EventDate "2008.07.21"]

1. e4 c5 2. Nf3 e6 3. d4 cxd4 4. Nxd4 Qb6 5. Nb3 Qc7 6. Nc3 a6 7. a4 Nf6 8. Bd3
Be7 9. O-O d6 10. Be3 Nbd7 11. f4 b6 12. Qe2 Bb7 13. Kh1 Nc5 14. Bg1 Nxd3 15.
cxd3 d5 16. Rac1 Qd8 17. e5 Nd7 18. Nd4 g6 19. g4 h5 20. Bf2 hxg4 21. Qxg4 Nc5
22. Qe2 Kf8 23. b3 Rh5 24. Bg3 Bh4 25. Kg1 Kg7 26. b4 Bxg3 27. hxg3 Qh8 28. Qg2
Nxd3 29. Rb1 Rc8 30. Nce2 Rc4 31. g4 Rh4 32. Qf3 Rh3 33. Qg2 Qh6 34. Rf3 Rxf3
35. Qxf3 Nxb4 36. Kg2 Kf8 37. Rh1 Qg7 38. Kf2 Nc6 39. Qa3+ Ke8 40. Rd1 Qh6 41.
Kg3 Nxd4 42. Nxd4 Qf8 43. Qe3 Qc5 44. f5 gxf5 45. gxf5 Rc3 46. Rd3 Rxd3 47.
Qxd3 Qf8 48. f6 Qb4 49. Nxe6 Qe1+ 50. Kh2 Qxe5+ 0-1

[Event "Camp. Arg. 83 - Semifinal (La Plata)"]
[Site "Calle 46 - No. 581 (La Plata)"]
[Date "2008.07.23"]
[Round "3.32"]
[White "Gomez, Ruben Alfredo"]
[Black "Rojo Lynch, Enrique"]
[Result "1/2-1/2"]
[WhiteElo "1834"]
[BlackElo "1898"]
[PlyCount "63"]
[EventDate "2008.07.21"]

1. Nf3 Nf6 2. c4 g6 3. b3 Bg7 4. Bb2 O-O 5. g3 d6 6. d4 Nbd7 7. Bg2 e5 8. dxe5
Ng4 9. O-O Ndxe5 10. Nxe5 Nxe5 11. Nc3 a5 12. f4 Ng4 13. Qd2 c6 14. h3 Qb6+ 15.
Kh1 Qe3 16. Qxe3 Nxe3 17. Rf3 Nxg2 18. Kxg2 Re8 19. Re1 d5 20. cxd5 cxd5 21.
Rd3 Bd7 22. Nd1 Bxb2 23. Nxb2 Rac8 24. Rd2 Rc3 25. Kf2 Ree3 26. Rxd5 Bc6 27.
Rd8+ Kg7 28. Nd3 Re7 29. Rc1 Rxc1 30. Nxc1 Be4 31. Nd3 Rc7 32. Ke3 1/2-1/2

[Event "Camp. Arg. 83 - Semifinal (La Plata)"]
[Site "Calle 46 - No. 581 (La Plata)"]
[Date "2008.07.24"]
[Round "4.1"]
[White "Duarte, Leonardo"]
[Black "Pierrot, Facundo"]
[Result "1/2-1/2"]
[WhiteElo "2341"]
[BlackElo "2421"]
[PlyCount "25"]
[EventDate "2008.07.21"]

1. e4 e5 2. Nf3 Nc6 3. d4 exd4 4. Nxd4 Bc5 5. Nxc6 Qf6 6. Qd2 dxc6 7. Qf4 Be6
8. Bd3 O-O-O 9. Nc3 Qxf4 10. Bxf4 Ne7 11. f3 f6 12. Bg3 Ng6 13. Bf2 {(=)}
1/2-1/2

[Event "Camp. Arg. 83 - Semifinal (La Plata)"]
[Site "Calle 46 - No. 581 (La Plata)"]
[Date "2008.07.24"]
[Round "4.3"]
[White "Alonso, Salvador"]
[Black "Virgillito, Cristian"]
[Result "1/2-1/2"]
[WhiteElo "2437"]
[BlackElo "2140"]
[PlyCount "77"]
[EventDate "2008.07.21"]

1. e4 c5 2. Nf3 d6 3. d4 cxd4 4. Nxd4 Nf6 5. Nc3 g6 6. Be3 Bg7 7. f3 Nc6 8. Qd2
O-O 9. Bc4 Bd7 10. O-O-O Qa5 11. Bb3 Rfc8 12. Rhe1 Ne5 13. Bg5 b5 14. Bxf6 Bxf6
15. Nd5 Qxd2+ 16. Rxd2 Kg7 17. Nxf6 Kxf6 18. f4 Nc4 19. Bxc4 bxc4 20. e5+ dxe5
21. fxe5+ Kg7 22. e6 Bxe6 23. Nxe6+ fxe6 24. Rxe6 Rc7 25. Re3 Rb8 26. Rd4 Rb6
27. Rc3 Rcb7 28. Rdxc4 Rxb2 29. Rb3 R2xb3 30. axb3 Kf6 31. Kd2 Kf5 32. Ke3 e5
33. Rc8 h5 34. Rc5 Rb4 35. Ra5 Re4+ 36. Kf2 Rf4+ 37. Ke2 Re4+ 38. Kf2 Rf4+ 39.
Ke2 1/2-1/2

[Event "Camp. Arg. 83 - Semifinal (La Plata)"]
[Site "Calle 46 - No. 581 (La Plata)"]
[Date "2008.07.24"]
[Round "4.4"]
[White "Needleman, Alejandro"]
[Black "Claverie, Raul Ricardo"]
[Result "1/2-1/2"]
[WhiteElo "2352"]
[BlackElo "2378"]
[PlyCount "29"]
[EventDate "2008.07.21"]

1. e4 e6 2. d4 d5 3. Nc3 Bb4 4. e5 c5 5. a3 Bxc3+ 6. bxc3 Qc7 7. Qg4 f6 8. Nf3
cxd4 9. Bb5+ Kf7 10. O-O a6 11. Bd3 dxc3 12. Qh5+ Kf8 13. Ng5 fxg5 14. f4 Nh6
15. fxg5+ 1/2-1/2

[Event "Camp. Arg. 83 - Semifinal (La Plata)"]
[Site "Calle 46 - No. 581 (La Plata)"]
[Date "2008.07.24"]
[Round "4.5"]
[White "Giampa, Alejandro"]
[Black "Fulgenzi, Ernesto"]
[Result "1/2-1/2"]
[WhiteElo "2237"]
[BlackElo "2358"]
[PlyCount "59"]
[EventDate "2008.07.21"]

1. b3 e5 2. Bb2 d6 3. e3 g6 4. d4 Nd7 5. Nf3 Bg7 6. dxe5 dxe5 7. Qd2 Ne7 8. Na3
O-O 9. O-O-O Nc6 10. Bb5 Qe7 11. Bxc6 bxc6 12. Qc3 c5 13. Qd3 Nb6 14. Qc3 f6
15. Nc4 Qf7 16. Nfd2 Rd8 17. Ne4 Bb7 18. f3 Nxc4 19. Qxc4 Qxc4 20. bxc4 Ba6 21.
Rxd8+ Rxd8 22. Nd2 Kf7 23. Ba3 Bf8 24. Re1 Be7 25. Re2 f5 26. Kb2 Rb8+ 27. Kc1
Rd8 28. c3 Ke6 29. Kc2 h5 30. Re1 1/2-1/2

[Event "Camp. Arg. 83 - Semifinal (La Plata)"]
[Site "Calle 46 - No. 581 (La Plata)"]
[Date "2008.07.24"]
[Round "4.7"]
[White "Mavrich, Leandro"]
[Black "Mahia, Gustavo"]
[Result "0-1"]
[WhiteElo "2192"]
[BlackElo "2441"]
[PlyCount "108"]
[EventDate "2008.07.21"]

1. e4 e6 2. d3 d5 3. Nd2 c5 4. g3 Nc6 5. Bg2 Nf6 6. Ngf3 Be7 7. O-O O-O 8. Re1
Qc7 9. c3 b6 10. e5 Nd7 11. Qe2 a5 12. Nf1 b5 13. h4 b4 14. Bg5 bxc3 15. bxc3
Ba6 16. N1h2 Rfd8 17. Bxe7 Nxe7 18. Rad1 a4 19. Bh3 a3 20. Ng5 h6 21. Nxf7 Kxf7
22. Bxe6+ Kxe6 23. Qg4+ Kf7 24. e6+ Kg8 25. exd7 Qd6 26. Nf3 Rf8 27. d4 cxd4
28. Nxd4 Rf7 29. Qe6 Qxe6 30. Rxe6 Bc4 31. Rde1 Rd8 32. Rxe7 Rxd7 33. Re8+ Rf8
34. Nc2 Ra7 35. Rxf8+ Kxf8 36. Nb4 Kf7 37. g4 Rb7 38. Rd1 Ke6 39. Kg2 Kd6 40.
Kg3 Kc5 41. g5 hxg5 42. hxg5 g6 43. Re1 Rxb4 44. cxb4+ Kxb4 45. Rb1+ Kc3 46.
Rb6 Bxa2 47. Rxg6 Bc4 48. Rg7 a2 49. Ra7 d4 50. g6 d3 51. g7 d2 52. Rc7 d1=Q
53. Rxc4+ Kd3 54. Rg4 Qxg4+ 0-1

[Event "Camp. Arg. 83 - Semifinal (La Plata)"]
[Site "Calle 46 - No. 581 (La Plata)"]
[Date "2008.07.24"]
[Round "4.8"]
[White "Hobaica, Juan Pablo"]
[Black "Restuccia, Francisco"]
[Result "1-0"]
[WhiteElo "2417"]
[BlackElo "2148"]
[PlyCount "85"]
[EventDate "2008.07.21"]

1. c4 Nf6 2. Nc3 g6 3. e4 d6 4. d4 Bg7 5. Bd3 O-O 6. Nge2 e5 7. d5 Nbd7 8. O-O
Nc5 9. Bc2 a5 10. a3 Bd7 11. b3 Nh5 12. Be3 Nf4 13. Qd2 Qh4 14. g3 Qh3 15. Nxf4
exf4 16. Bxf4 f5 17. Rae1 Bxc3 18. Qxc3 fxe4 19. Bxe4 Rxf4 20. Bg2 Qf5 21. gxf4
Rf8 22. Re7 Rf7 23. Rxf7 Kxf7 24. Qe3 Nd3 25. Be4 Qg4+ 26. Qg3 Nxf4 27. Qxg4
Bxg4 28. f3 Bd7 29. Kf2 Kf6 30. Ke3 Ng2+ 31. Kd4 Nf4 32. b4 a4 33. Rf2 h5 34.
b5 b6 35. Bc2 Bf5 36. Bxa4 Nd3 37. Rg2 Ne5 38. f4 Nd3 39. Ke3 h4 40. Rd2 Nc5
41. Bc2 h3 42. Bxf5 Kxf5 43. Kf3 1-0

[Event "Camp. Arg. 83 - Semifinal (La Plata)"]
[Site "Calle 46 - No. 581 (La Plata)"]
[Date "2008.07.24"]
[Round "4.9"]
[White "Palmero, Pablo"]
[Black "Barrionuevo, Pablo"]
[Result "1/2-1/2"]
[WhiteElo "2144"]
[BlackElo "2363"]
[PlyCount "126"]
[EventDate "2008.07.21"]

1. d4 Nf6 2. c4 g6 3. Nc3 d5 4. Nf3 Bg7 5. Bg5 Ne4 6. cxd5 Nxg5 7. Nxg5 e6 8.
Nf3 exd5 9. e3 O-O 10. Bd3 c6 11. h3 Be6 12. O-O Nd7 13. b4 a5 14. b5 c5 15.
Be2 f5 16. Rc1 c4 17. Re1 g5 18. g3 Qf6 19. Bf1 Rad8 20. Bg2 Kh8 21. b6 g4 22.
Nh2 Nxb6 23. Rb1 Rd6 24. h4 Qe7 25. Rb5 Ra8 26. Qc2 Qd8 27. Reb1 Bf8 28. Rc5
Rc6 29. Qb2 Ra6 30. Rb5 Kg8 31. Ne2 Qd6 32. Nf4 Bf7 33. Qd2 a4 34. Qc2 Qd7 35.
Nf1 a3 36. e4 dxe4 37. Ne3 Rf6 38. Nxf5 Rxf5 39. Rxb6 Rxb6 40. Rxb6 Qxd4 41.
Rxb7 Re5 42. Kh2 Bh6 43. Qe2 Bg7 44. Qxg4 Qxf2 45. Rb8+ Re8 46. Rxe8+ Bxe8 47.
Qc8 Kf7 48. Qf5+ Kg8 49. Qc8 Kf7 50. Qxc4+ Kf8 51. Qb4+ Kg8 52. Qb8 Kf7 53.
Qb7+ Kg8 54. Qc8 Kf7 55. Qc7+ Kg8 56. Qb8 Kf7 57. Qb7+ Kg8 58. Qc8 Kf7 59. Qc4+
Kf8 60. Qb4+ Kg8 61. Qb8 Kf7 62. Qb7+ Kg8 63. Qc8 Kf7 1/2-1/2

[Event "Camp. Arg. 83 - Semifinal (La Plata)"]
[Site "Calle 46 - No. 581 (La Plata)"]
[Date "2008.??.??"]
[Round "4.11"]
[White "Di Benedetto, Guillermo"]
[Black "Negri, Santiago"]
[Result "1-0"]
[WhiteElo "2300"]
[BlackElo "2133"]
[PlyCount "69"]
[EventDate "2008.07.21"]

1. d4 Nf6 2. c4 g6 3. Nc3 Bg7 4. e4 d6 5. Nf3 O-O 6. Be2 e5 7. O-O a5 8. dxe5
dxe5 9. Qxd8 Rxd8 10. Bg5 Nbd7 11. Rfd1 Rf8 12. Nd5 c6 13. Ne7+ Kh8 14. Nxc8
Rfxc8 15. Nd2 Nc5 16. Be3 Ne6 17. c5 Rc7 18. Rac1 h5 19. f3 Nd7 20. Nc4 Kg8 21.
Nd6 Rd8 22. Bc4 Ndf8 23. b3 Bf6 24. g3 g5 25. Nf5 Nd4 26. Bxd4 exd4 27. f4 gxf4
28. gxf4 Ne6 29. e5 Be7 30. Bxe6 fxe6 31. Nd6 Kh7 32. Rc2 Bf8 33. Rxd4 b6 34.
cxb6 Rg7+ 35. Kf2 1-0

[Event "Camp. Arg. 83 - Semifinal (La Plata)"]
[Site "Calle 46 - No. 581 (La Plata)"]
[Date "2008.??.??"]
[Round "4.12"]
[White "Lohidoy, Bernardo"]
[Black "Malbran, Guillermo"]
[Result "1/2-1/2"]
[WhiteElo "2091"]
[BlackElo "2241"]
[PlyCount "81"]
[EventDate "2008.07.21"]

1. d4 Nf6 2. Nf3 e6 3. c4 Bb4+ 4. Nbd2 O-O 5. e3 b6 6. Bd3 Bb7 7. O-O d5 8. a3
Bxd2 9. Nxd2 Nbd7 10. f4 c5 11. Qc2 cxd4 12. exd4 dxc4 13. Nxc4 Rc8 14. Qe2 Be4
15. Bxe4 Nxe4 16. Nxb6 Qxb6 17. Qxe4 Nf6 18. Qd3 Rfd8 19. Rd1 Rd7 20. b4 Nd5
21. Bd2 Ne7 22. Be3 Nd5 23. Rac1 Rxc1 24. Rxc1 g6 25. Rc5 Qd6 26. g3 Nxe3 27.
Qxe3 Qxd4 28. Qxd4 Rxd4 29. Rc7 a5 30. b5 Rd1+ 31. Kf2 Rb1 32. a4 Rb4 33. b6
Rxb6 34. Ra7 Rb2+ 35. Kg1 Kg7 36. Rxa5 h5 37. Rb5 Ra2 38. a5 Kf6 39. Rc5 Ke7
40. Rc7+ Kf6 41. Rc5 1/2-1/2

[Event "Camp. Arg. 83 - Semifinal (La Plata)"]
[Site "Calle 46 - No. 581 (La Plata)"]
[Date "2008.??.??"]
[Round "4.13"]
[White "Palmiotto, Marcos Ivan"]
[Black "Tobares, Leandro"]
[Result "1/2-1/2"]
[WhiteElo "1925"]
[BlackElo "2210"]
[PlyCount "20"]
[EventDate "2008.07.21"]

1. e4 c5 2. Nf3 Nc6 3. d4 cxd4 4. Nxd4 Nf6 5. Nc3 d6 6. Be3 e5 7. Nb3 Be7 8. f3
O-O 9. Qd2 a5 10. Na4 Be6 1/2-1/2

[Event "Camp. Arg. 83 - Semifinal (La Plata)"]
[Site "Calle 46 - No. 581 (La Plata)"]
[Date "2008.07.24"]
[Round "4.14"]
[White "Torres, Sergio"]
[Black "De Luca, Christian Carlos"]
[Result "0-1"]
[WhiteElo "2202"]
[BlackElo "2125"]
[PlyCount "176"]
[EventDate "2008.07.21"]

1. e4 e6 2. d4 d5 3. Nd2 dxe4 4. Nxe4 Bd7 5. Nf3 Bc6 6. Bd3 Nd7 7. O-O Ngf6 8.
Neg5 Bd6 9. Re1 O-O 10. Ne5 h6 11. Nxc6 bxc6 12. Nf3 c5 13. Ne5 cxd4 14. Nc6
Qc8 15. Bf4 Re8 16. Bxd6 cxd6 17. Nxd4 Rb8 18. Qd2 Ne5 19. Bb5 Rd8 20. b3 Qc5
21. Bf1 Rbc8 22. c4 Nc6 23. Nxc6 Qxc6 24. Rac1 Rb8 25. Re3 Qc5 26. Be2 a5 27.
Bf3 Rbc8 28. Rd3 Rd7 29. Rd1 Rcd8 30. h4 d5 31. cxd5 Nxd5 32. Bxd5 Rxd5 33.
Rxd5 Rxd5 34. Qe1 Qb4 35. Qe2 Rxd1+ 36. Qxd1 Qxh4 37. a3 g6 38. Qd6 Qg5 39. b4
axb4 40. axb4 Qc1+ 41. Kh2 Qb2 42. Qc5 e5 43. b5 Qe2 44. Qd5 Qxf2 45. Qxe5 Qh4+
46. Kg1 Qb4 47. Kf2 Qd2+ 48. Kg3 Qb4 49. Qd5 Qe1+ 50. Kf3 Kg7 51. Qd4+ Kh7 52.
b6 Qf1+ 53. Kg3 Qb5 54. Kf2 h5 55. Ke3 Qb3+ 56. Kf4 Qb5 57. Ke3 Qb3+ 58. Kf2
Qc2+ 59. Kg1 Qc1+ 60. Kh2 Qc6 61. Qd8 Qe4 62. Qf6 Qc4 63. b7 Qc7+ 64. Kh3 Qxb7
65. Kh4 Qe4+ 66. Kg3 Qg4+ 67. Kh2 Qe6 68. Qd4 f6 69. g3 g5 70. Qd3+ Kh6 71. Qc3
Qe5 72. Qc8 h4 73. Qh8+ Kg6 74. Qg8+ Kh5 75. Qf7+ Kg4 76. Qd7+ Kf3 77. Qc6+ Kf2
78. Qb6+ Kf1 79. Qg1+ Ke2 80. Qg2+ Ke1 81. Kh1 Qe2 82. gxh4 Qxg2+ 83. Kxg2 gxh4
84. Kh3 Kf2 85. Kxh4 Kf3 86. Kh5 f5 87. Kh4 f4 88. Kh3 Kf2 0-1

[Event "Camp. Arg. 83 - Semifinal (La Plata)"]
[Site "Calle 46 - No. 581 (La Plata)"]
[Date "2008.??.??"]
[Round "4.15"]
[White "Spata, German"]
[Black "Amed, Stephanie"]
[Result "1-0"]
[WhiteElo "2250"]
[BlackElo "2099"]
[PlyCount "61"]
[EventDate "2008.07.21"]

1. Nf3 Nf6 2. d4 g6 3. Bf4 Bg7 4. e3 O-O 5. Be2 d6 6. h3 Nfd7 7. O-O Nc6 8. c3
e5 9. Bh2 f5 10. b4 Qe7 11. a4 e4 12. Nfd2 g5 13. b5 Nd8 14. c4 c5 15. bxc6
bxc6 16. Nc3 Nf6 17. Qb3 Nf7 18. a5 Ba6 19. c5 Qb7 20. Qxb7 Bxb7 21. cxd6 Rfd8
22. a6 Bc8 23. Nc4 Ne8 24. Na5 Bd7 25. Nb7 Rdc8 26. Na4 Nf6 27. Nac5 Re8 28.
Rfc1 Rac8 29. Bd1 f4 30. Nxd7 Nxd7 31. Bg4 1-0

[Event "Camp. Arg. 83 - Semifinal (La Plata)"]
[Site "Calle 46 - No. 581 (La Plata)"]
[Date "2008.??.??"]
[Round "4.16"]
[White "Gallego, Gonzalo"]
[Black "Sampaoli, Cristian"]
[Result "1-0"]
[WhiteElo "2070"]
[BlackElo "2201"]
[PlyCount "35"]
[EventDate "2008.07.21"]

1. e4 d5 2. exd5 Nf6 3. d4 Nxd5 4. c4 Nb6 5. Nf3 Bg4 6. c5 N6d7 7. Be2 g6 8.
Qb3 Nc6 9. Qxb7 Bxf3 10. Bxf3 Nxd4 11. Qxa8 Nc2+ 12. Kd1 Nxa1 13. Qxd8+ Kxd8
14. Be3 Bg7 15. Kc1 Ne5 16. Rd1+ Kc8 17. Be2 Nc6 18. Na3 1-0

[Event "Camp. Arg. 83 - Semifinal (La Plata)"]
[Site "Calle 46 - No. 581 (La Plata)"]
[Date "2008.??.??"]
[Round "4.18"]
[White "Cirulli, Diego"]
[Black "Bibiloni, Jorge"]
[Result "1/2-1/2"]
[WhiteElo "1984"]
[BlackElo "2153"]
[PlyCount "76"]
[EventDate "2008.07.21"]

1. e4 Nf6 2. e5 Nd5 3. c4 Nb6 4. d4 d6 5. exd6 cxd6 6. Nf3 g6 7. Be3 Bg7 8. Nc3
O-O 9. Qd2 Bg4 10. Ng5 Nc6 11. h3 Bd7 12. d5 Ne5 13. Bxb6 Qxb6 14. f4 f6 15.
Ne6 Bxe6 16. dxe6 Nc6 17. Nd5 Qd8 18. f5 Rc8 19. Rc1 Qe8 20. Bd3 gxf5 21. O-O
Ne5 22. Bxf5 Kh8 23. Qf4 Ng6 24. Qe4 Bh6 25. Rc3 Rg8 26. Rb3 Ne5 27. Qh4 Qf8
28. Rxb7 Qg7 29. Qf2 Nxc4 30. Be4 Rge8 31. Rxa7 Nd2 32. Re1 Nxe4 33. Rxe4 f5
34. Rb4 Qe5 35. Qd4 Rc1+ 36. Kf2 Rc2+ 37. Kf3 Bg5 38. h4 Rc5 1/2-1/2

[Event "Camp. Arg. 83 - Semifinal (La Plata)"]
[Site "Calle 46 - No. 581 (La Plata)"]
[Date "2008.??.??"]
[Round "4.19"]
[White "Alcobedo, Damian"]
[Black "Lottgering, Enrique"]
[Result "1-0"]
[WhiteElo "2123"]
[BlackElo "1760"]
[PlyCount "47"]
[EventDate "2008.07.21"]

1. e4 e5 2. d4 exd4 3. Qxd4 Nc6 4. Qe3 Bb4+ 5. Nc3 Nf6 6. Bd2 d6 7. O-O-O Be6
8. h3 a6 9. f4 Bc5 10. Qg3 g6 11. Re1 Nh5 12. Qf3 Nd4 13. Qd3 b5 14. b3 Ba3+
15. Kb1 c5 16. f5 Bc8 17. g4 Ng7 18. Nd5 Nc6 19. Nf3 O-O 20. Bc3 Rb8 21. Bxg7
Kxg7 22. f6+ Kh8 23. Qd2 Nb4 24. Qh6 1-0

[Event "Camp. Arg. 83 - Semifinal (La Plata)"]
[Site "Calle 46 - No. 581 (La Plata)"]
[Date "2008.??.??"]
[Round "4.22"]
[White "Sanchez, Cristian"]
[Black "Torres, Maximiliano"]
[Result "0-1"]
[WhiteElo "2065"]
[BlackElo "1950"]
[PlyCount "64"]
[EventDate "2008.07.21"]

1. e4 c5 2. Nf3 d6 3. d4 cxd4 4. Nxd4 Nf6 5. Nc3 a6 6. Bc4 e6 7. Bb3 Nbd7 8.
O-O Nc5 9. f4 Be7 10. Qe2 O-O 11. Kh1 Qc7 12. a4 Nxb3 13. Nxb3 b6 14. Be3 Bb7
15. Bd4 e5 16. Bg1 exf4 17. Nd4 d5 18. e5 Ne4 19. e6 f5 20. Rf3 Qe5 21. Rh3
Rac8 22. Re1 Bc5 23. Qh5 h6 24. Nxe4 dxe4 25. c3 e3 26. Nf3 Qxe6 27. b4 Bd6 28.
Nd4 Qe4 29. Qe2 Rxc3 30. Rd1 Bxb4 31. Rf3 Bc5 32. Qa2+ Bd5 0-1

[Event "Camp. Arg. 83 - Semifinal (La Plata)"]
[Site "Calle 46 - No. 581 (La Plata)"]
[Date "2008.??.??"]
[Round "4.27"]
[White "Latrecchiana, Cristian"]
[Black "Pastor, Juan Martin"]
[Result "0-1"]
[WhiteElo "1773"]
[BlackElo "1964"]
[PlyCount "56"]
[EventDate "2008.07.21"]

1. e4 e5 2. Nf3 Nc6 3. Bb5 f5 4. d3 fxe4 5. dxe4 Nf6 6. O-O Bc5 7. Bxc6 bxc6 8.
Bg5 d6 9. Qd3 O-O 10. Nbd2 Qe8 11. Be3 Bxe3 12. Qxe3 h6 13. h3 Nh5 14. Nh4 Nf4
15. Kh2 Qh5 16. Ndf3 g5 17. Nf5 Bxf5 18. exf5 Rxf5 19. Ng1 Nd5 20. Qd3 Raf8 21.
f3 Rf4 22. g3 Rd4 23. Qe2 e4 24. c3 Rd3 25. Qxe4 Rd2+ 26. Kh1 Re8 27. Qa4 Ree2
28. Nxe2 Qxh3+ 0-1

[Event "Camp. Arg. 83 - Semifinal (La Plata)"]
[Site "Calle 46 - No. 581 (La Plata)"]
[Date "2008.??.??"]
[Round "4.28"]
[White "Barbarito, Damian"]
[Black "Moscato, Nestor Eduardo"]
[Result "1/2-1/2"]
[WhiteElo "1751"]
[BlackElo "1901"]
[PlyCount "49"]
[EventDate "2008.07.21"]

1. d4 Nf6 2. c4 c5 3. d5 e6 4. Nc3 exd5 5. cxd5 d6 6. e4 g6 7. f4 Bg7 8. Nf3
O-O 9. Be2 Re8 10. Qc2 a6 11. a4 Qe7 12. Nd2 Bg4 13. Bc4 Bf5 14. Bd3 c4 15.
Nxc4 Nxe4 16. O-O Nxc3 17. bxc3 Bxd3 18. Qxd3 Nd7 19. Ba3 Nc5 20. Qf3 b5 21.
axb5 axb5 22. Nd2 Qe2 23. Bxc5 Qxd2 24. Rxa8 Rxa8 25. Rd1 1/2-1/2

[Event "Camp. Arg. 83 - Semifinal (La Plata)"]
[Site "Calle 46 - No. 581 (La Plata)"]
[Date "2008.07.24"]
[Round "4.32"]
[White "Lo Presti, Roberto Oscar"]
[Black "Muñiz, Roberto Anibal"]
[Result "1-0"]
[WhiteElo "2122"]
[BlackElo "1867"]
[Annotator "Zook"]
[PlyCount "48"]
[EventDate "2008.07.21"]

1. e4 c5 2. Nf3 d6 3. d4 cxd4 4. Nxd4 Nf6 5. Nc3 a6 6. f3 e6 7. Be3 Nc6 8. Qd2
Be7 9. g4 Qc7 10. O-O-O Nxd4 11. Bxd4 O-O 12. g5 Nd7 13. Rg1 b5 14. f4 Bb7 15.
Bd3 Nc5 16. a3 Nxd3+ 17. Qxd3 Rac8 18. Kb1 Qc4 19. Qd2 a5 20. b3 Qc6 21. Rde1
Rfe8 22. Re2 e5 23. f5 exd4 24. Nd5 Qc5 {
La partida continua hasta la movida 66. Planillas ilegibles.} 1-0

[Event "Camp. Arg. 83 - Semifinal (La Plata)"]
[Site "Calle 46 - No. 581 (La Plata)"]
[Date "2008.07.25"]
[Round "5.1"]
[White "Meza, Hugo"]
[Black "Duarte, Leonardo"]
[Result "1/2-1/2"]
[WhiteElo "2273"]
[BlackElo "2341"]
[PlyCount "65"]
[EventDate "2008.07.21"]

1. d4 Nf6 2. c4 c5 3. d5 b5 4. cxb5 a6 5. Nc3 d6 6. e4 g6 7. f4 Bg7 8. a4 O-O
9. Nf3 Ne8 10. Be3 Qa5 11. Be2 axb5 12. Bxb5 Nc7 13. O-O Ba6 14. e5 Bxb5 15.
axb5 Qb4 16. Rxa8 Nxa8 17. Qc2 Nb6 18. Ra1 N8d7 19. Bd2 dxe5 20. fxe5 Nxe5 21.
Nxe5 Qd4+ 22. Kh1 Bxe5 23. Re1 Nc4 24. Bg5 f5 25. Bxe7 Rf7 26. Bg5 Qg4 27. Qe2
Qxg5 28. Qxc4 Bd6 29. Qd3 Qh4 30. g3 Qb4 31. Re6 Bf8 32. d6 Qd4 33. Qxd4
1/2-1/2